Normal view
MARC view
- Dr. Muhamamd Muddassir Malik.
Entry Personal Name
001 - CONTROL NUMBER
- control field: 19589
003 - CONTROL NUMBER IDENTIFIER
- control field: NUST
005 - DATE AND TIME OF LATEST TRANSACTION
- control field: 20190827065730.0
008 - FIXED-LENGTH DATA ELEMENTS
- fixed length control field: 190827|| aca||aabn | a|a d
040 ## - CATALOGING SOURCE
- Original cataloging agency: NUST
- Transcribing agency: NUST
100 ## - HEADING--PERSONAL NAME
- Personal name: Dr. Muhamamd Muddassir Malik.
670 ## - SOURCE DATA FOUND
- Source citation: Work cat.: (NUST): Asrar, Ramsha 19588, IMPACT OF DIGITAL GAME-BASED FORMATIVE ASSESSMENT ON LEARNING QUALITY AND EFFICIENCY : , 2018.
